000 00468nam a2200157 4500
999 _c5315
_d5315
008 161020b xxu||||| |||| 00| 0 eng d
022 _a9770118389007
082 _aDPer 641.05 F73 Mar-Nov 2012
100 _916461
_aOrillos, Jenny B.
245 _aFit for life/
_cJenny B. Orillos.
260 _aQuezon City:
_bABS CBN Publishing, Inc.,
_c©2012.
300 _apages 46-48;
_c30 cm.
500 _aFood.
650 0 _919409
_aEating customs
942 _2ddc
_cPER